| 000 | 01239nam a2200349 c 4500 | ||
|---|---|---|---|
| 999 |
_c53627 _d53627 |
||
| 003 | BLK | ||
| 005 | 20220705151902.0 | ||
| 008 | 180408b bul|||||r ||||||| ||bul|| | ||
| 010 | _aKNG00057568000 | ||
| 020 | _a0-14-027939-3 | ||
| 040 | _aBLK | ||
| 041 |
_aENG _cENG |
||
| 080 |
_aМузеи. Сбирки. Галерии. Постоянни изложби. Музеология Лит. върху спец.(отраслеви) музеи се класиф. в съответните отдели със съотношение, също и в 069.02 _b069 _x(540) _z069(540) |
||
| 100 | 1 |
_aPunja, Shobita _eпърви автор _921812 |
|
| 139 |
_aPunja, Shobita _bП 93 _gП 93 С _fP 97 S |
||
| 245 | 1 | 0 |
_aMuseums of India _cShobita Punja. |
| 246 |
_aМузеите на Индия _nП 93 |
||
| 257 | _aIND | ||
| 260 |
_bPenguin Books _c1998 |
||
| 300 |
_a307 p. _bill. _c20 cm |
||
| 380 | _a0 | ||
| 650 | 4 |
_aИндия - култура _9285085 |
|
| 650 | 4 |
_aИндия - история _9254789 |
|
| 650 | 4 |
_aМузеи - история _9263295 |
|
| 653 | _aИндия | ||
| 653 | _aмузеи | ||
| 653 | _aистория | ||
| 700 |
_aПунжа, Шобита _eпърви автор _91299 |
||
| 852 | _aЦб 226042 | ||
| 856 | 4 | _qpdf | |
| 856 | 4 | _qpdf | |
| 942 |
_cKNG _n0 _s1 _01 |
||
| 944 |
_aCR _c11.01.2006 _kЦветанка_Енчева |
||
| 944 |
_aED _c19.01.2006 |
||
| 999 | _d53627 | ||
| 999 | _d53627 | ||
| 999 | _d53627 | ||
| 999 | _d53627 | ||
| 999 | _d53627 | ||
| 999 | _d53627 | ||
| 999 | _d53627 | ||
| 999 | _d53627 | ||
| 999 | _d53627 | ||
| 999 | _d53627 | ||
| 999 | _d53627 | ||
| 999 | _d53627 | ||
| 999 | _d53627 | ||